000 00589nam a2200193 a 4500
005 20140310183433.0
008 080114s19uu xx 00 eng d
020 _a8177582607
050 _aHD 62.5
_b.C469 2007
100 _aCharantimath, Poornima M.
245 _aEntrepreneurship development and small business enterprises /
_cPoornima M. Charantimath
260 _aIndia :
_bDorling Kindersley,
_c2007.
300 _a523 p. :
_bill. ;
_c24 cm.
521 _aBSBA
650 _aEntrepreneurship.
650 _aSmall business enterprises.
942 _cBK
_2lcc
_kFOR
999 _c22788
_d22788